Công nghiệp hoá hiện đại hoá nông nghiệp và nông thôn ở Việt Nam

שמור ב:
מידע ביבליוגרפי
מחבר ראשי: Nguyễn, Kế Tuấn
פורמט: ספר
שפה:Undetermined
יצא לאור: 2006
תגים: הוספת תג
אין תגיות, היה/י הראשונ/ה לתייג את הרשומה!
Thư viện lưu trữ: Trung tâm Học liệu Trường Đại học Cần Thơ
LEADER 00478nam a2200145Ia 4500
001 CTU_104888
008 210402s9999 xx 000 0 und d
020 |c 23000 
082 |a 338.161 
082 |b T502 
100 |a Nguyễn, Kế Tuấn 
245 0 |a Công nghiệp hoá hiện đại hoá nông nghiệp và nông thôn ở Việt Nam 
245 0 |c Nguyễn Kế Tuấn 
260 |c 2006 
980 |a Trung tâm Học liệu Trường Đại học Cần Thơ